|
|
|
|
| LEADER |
00000nam0a2200000 4500 |
| 001 |
215414 |
| 005 |
20231101225950.0 |
| 035 |
|
|
|a (RuTPU)RU\TPU\book\235336
|
| 090 |
|
|
|a 215414
|
| 100 |
|
|
|a 20120511d1975 k y0rusy50 ca
|
| 101 |
0 |
|
|a rus
|
| 102 |
|
|
|a RU
|
| 105 |
|
|
|a a z 001zy
|
| 200 |
1 |
|
|a Теория кристаллизации в больших объемах
|f Б. Я. Любов
|
| 210 |
|
|
|a Москва
|c Наука
|d 1975
|
| 215 |
|
|
|a 256 с.
|c ил.
|
| 320 |
|
|
|a Библиогр.: с. 252-256.
|
| 606 |
1 |
|
|a Кристаллизация
|x (кристаллография)
|2 stltpush
|3 (RuTPU)RU\TPU\subj\79323
|9 87913
|
| 610 |
1 |
|
|a теория
|
| 610 |
1 |
|
|a задачи
|
| 610 |
1 |
|
|a большие объемы
|
| 610 |
1 |
|
|a математический анализ
|
| 610 |
1 |
|
|a зарождение
|
| 610 |
1 |
|
|a рост
|
| 610 |
1 |
|
|a переохлаждения
|
| 610 |
1 |
|
|a учет
|
| 610 |
1 |
|
|a влияние
|
| 675 |
|
|
|a 548.5
|v 3
|
| 700 |
|
1 |
|a Любов
|b Б. Я.
|g Борис Яковлевич
|
| 801 |
|
1 |
|a RU
|b 63413507
|c 20120511
|
| 801 |
|
2 |
|a RU
|b 63413507
|c 20210125
|g RCR
|
| 942 |
|
|
|c BK
|